|
|
|
|
| LEADER |
00000nab a2200000 a 4500 |
| 001 |
vtls000285677 |
| 003 |
SK-MaSNL |
| 005 |
20260304143817.0 |
| 008 |
250423c1987 xo 0 slo |
| 015 |
|
|
|a SNBRB19rr/mm-uuuuu
|
| 035 |
|
|
|a CL0295795
|
| 035 |
|
|
|a urn:nbn:sk:snk-abbh8d
|
| 035 |
|
|
|a (urnnbn)urn:nbn:sk:snk:ar-000lnd
|
| 035 |
|
|
|a (uuid)e7f7528a-2b00-4f80-9301-87576a3c801a
|
| 040 |
|
|
|a SNKBUCL
|b slo
|c SNKBUCL
|e AACR2
|
| 041 |
0 |
|
|a slo
|
| 044 |
|
|
|a xo
|c SK
|
| 080 |
|
|
|a 028
|2 1981
|
| 080 |
|
|
|a 025.5
|2 1981
|
| 100 |
1 |
|
|a Hanakovič, Štefan,
|d 1931-2020
|4 aut
|9 199107
|
| 245 |
1 |
0 |
|a Obrana čitateľov
|c Štefan Hanakovič
|
| 650 |
0 |
7 |
|a knižnice
|2 snkbucl
|9 17965
|
| 650 |
0 |
7 |
|a čitatelia
|2 snkbucl
|9 4965
|
| 650 |
0 |
7 |
|a používatelia
|2 snkbucl
|9 921874
|
| 650 |
0 |
7 |
|a knižničné služby
|2 snkbucl
|9 64475
|
| 650 |
0 |
7 |
|a služby informačné
|2 snkbucl
|9 884441
|
| 655 |
|
7 |
|a články z novín a časopisov
|2 snkbucl
|9 267496
|
| 655 |
|
7 |
|a články z odboru knihovníctvo
|2 snkbucl
|9 166141
|
| 773 |
0 |
|
|t Čitateľ
|g Roč. 36, č. 7-8 (1987), s. 248-249
|
| 850 |
|
|
|a Slovenská národná knižnica
|
| 852 |
|
|
|a Slovenská národná knižnica
|
| 954 |
|
|
|a odborná, vedecká literatúra pôvodná (slovenská)
|2 lita
|
| 958 |
|
|
|a article15
|
| 958 |
|
|
|a RK
|
| 958 |
|
|
|a KL
|
| 958 |
|
|
|a OND
|
| 958 |
|
|
|a EUIPO
|
| 992 |
|
|
|a RBX
|
| 999 |
|
|
|c 2927749
|d 2929679
|